000 00290 a2200121 4500
001 57738
082 _a623.4543 JEN
090 _c35432
_d35432
100 _aJensen, Gordon E.
245 _aTactical missile propulsion
_nVol-170
260 _aVirgmiz
_bAIAA
_c1996
300 _axv, 529p.
942 _aNUST-CAE
_k623.4543 JEN
999 _c292811
_d292811